LIBRARY & INFORMATION CENTRE, KCAET, TAVANUR

ONLINE PUBLIC ACCESS CATALOGUE (OPAC)

Acid soils of India / (Record no. 11189)

MARC details
000 -LEADER
fixed length control field 00540cam a2200205ua 4500
003 - CONTROL NUMBER IDENTIFIER
control field OSt
008 - FIXED-LENGTH DATA ELEMENTS--GENERAL INFORMATION
fixed length control field 240223b |||||||| |||| 00| 0 eng d
041 ## - LANGUAGE CODE
Language code of text/sound track or separate title eng
082 ## - DEWEY DECIMAL CLASSIFICATION NUMBER
Classification number 631.44
Item number ACI/MA
100 ## - MAIN ENTRY--AUTHOR NAME
Personal name Mahapatra, I C .
245 ## - TITLE STATEMENT
Title Acid soils of India /
250 ## - EDITION STATEMENT
Edition statement 1 /
260 ## - PUBLICATION, DISTRIBUTION, ETC. (IMPRINT)
Place of publication New Delhi :
Name of publisher Indian Council for Agricultural Research ,
Year of publication 1997.
300 ## - PHYSICAL DESCRIPTION
Number of Pages 270 ; .
700 1# - ADDED ENTRY--PERSONAL NAME
Personal name Mandal, S C .
700 1# - ADDED ENTRY--PERSONAL NAME
Personal name Misra, C .
700 1# - ADDED ENTRY--PERSONAL NAME
Personal name Mitra, G N .
700 1# - ADDED ENTRY--PERSONAL NAME
Personal name Panda, N .
942 ## - ADDED ENTRY ELEMENTS (KOHA)
Koha item type Books
Holdings
Withdrawn status Lost status Damaged status Home library Current library Date acquired Full call number Accession Number Koha item type
      KAUAET KAUAET 07/04/2012 631.44 ACI/MA 20503 Books
free website counter